000
00209 a2200097 4500
001
58293
100
_a
245
_a
Sehat, ghiza aur warzish
260
_a
Lahore
_b
Dar ul Ishaat
_c
2002
090
_c
35789
_d
35789
942
_a
NUST-CAE
_c
_c
28656
999
_c
293366
_d
293366